Colombian Groups of Things - Statistics

General Stats
  • This quiz has been taken 465 times
  • The average score is 17 of 29
Answer Stats
Hint Answer % Correct
Largest cities by population Bogotá
99%
Bordering countries Venezuela
97%
Bordering countries Brazil
96%
Bordering countries Ecuador
96%
Bordering countries Peru
96%
Bordering countries Panama
95%
Largest cities by population Medellín
94%
Largest cities by population Cali
88%
Largest cities by population Barranquilla
82%
Natural regions Amazon
72%
Last four presidents Gustavo Petro
56%
Largest departments by population Antioquia
54%
Longest rivers completely in Colombia Magdalena
54%
Last four presidents Álvaro Uribe
53%
Last four presidents Iván Duque
50%
Largest departments by population Cundinamarca
49%
Last four presidents Juan Manuel Santos
48%
Largest cities by population Bucaramanga
46%
Largest departments by population Atlantico
40%
Largest departments by population Santander
37%
Largest departments by population Valle del Cauca
37%
Longest rivers completely in Colombia Cauca
36%
Natural regions Pacific
35%
Highest peaks Simón Bolivar
35%
Natural regions Caribbean
32%
Natural regions Orinoquía
25%
Highest peaks Cristobal Colón
20%
Natural regions Andean
18%
Natural regions Insular
17%
No matching quizzes found
Score Distribution
Percent of People with Each Score
Percentile by Number Answered
Your Score History
You have not taken this quiz